000
00334nam a22001457a 4500
008
221014b ||||| |||| 00| 0 eng d
020
_a
9780323082020
041
_a
eng
080
_2
10TH
_a
610.73
082
_a
610.73
100
_a
5
101
_a
MJEK
245
_a
FUNDAMENTALS OF RESPIRATORY CARE
_c
WEHRMAN S
942
_2
udc
_c
BK
999
_c
58566
_d
58566